| 000 | 00000nam##2200000za#4500 |
| 001 | 9.695194 |
| 003 | CaOODSP |
| 005 | 20210624234450 |
| 007 | cr ||||||||||| |
| 008 | 150407|2000||||xxc|||||o f|0| 0 eng|d |
| 040 | |aCaOODSP|beng |
| 043 | |an-cn--- |
| 086 | 1 |aC2-523/2000E-PDF |
| 110 | 1 |aCanada.|bIndustry Canada. |bFederal Economic Development Initiative for Northern Ontario. |
| 245 | 10|aFedNor Youth Forum 2000 : |h[electronic resource]|baction plan |
| 246 | 3 |aFedNor Youth Forum Conférence jeunesse 2000 - action plan |
| 260 | |aSault Ste. Marie - Ontario : |bIndustry Canada. |cc2000. |
| 300 | |a12p. |
| 500 | |aThe catalogue number (C2-523/2000) and ISBN (0-662-65197-9) for the bilingual print edition have been incorrectly copied in this electronic publication. |
| 590 | |a11-28-Supp|b2011-11-17 |
| 690 | 07|aEmployment opportunities|2gcpds |
| 690 | 07|aInternships|2gcpds |
| 690 | 07|aNorthern development|2gcpds |
| 690 | 07|aYoung adults|2gcpds |
| 775 | 08|tFedNor Conférence Jeunesse 2000 : |w(CaOODSP)9.639339 |
| 776 | 0#|tFedNor Youth Forum 2000 : |w(CaOODSP)9.662127 |
| 776 | 0#|tFedNor Conférence Jeunesse 2000 : |w(CaOODSP)9.662128 |
| 856 | 40|ahttp://publications.gc.ca|qPDF|s420 KB|uhttps://publications.gc.ca/collections/Collection/C2-523-2000E.pdf |